000 00611nam a2200205Ia 4500
003 GCL
008 140319s9999 xx 000 0 ara d
040 _aGCL /
_cGCL
082 0 4 _a301.22
_bس ث
100 1 _aسعدالدين وهبة
245 1 0 _aالثقافة الجديدة /
_cسعدالدين وهبة
300 _a208 ص
490 _aالهيئة العامة للاستعلامات
_v0
650 0 4 _aالثقافة
650 0 4 _aالثقافة الجماهيرية
650 0 4 _aالاجتماع، علم
650 0 4 _aالدوريات
650 0 4 _aثقافة الطفل
942 _2ddc
_cBK
999 _c51626
_d51626